000 00443nam a2200169Ia 4500
008 240729s9999 xx 000 0 und d
022 _a2473-9537
245 0 _aBlood Advances
260 _aUnited States
260 _bElsevier
650 _a Internal medicine
650 _a Specialties of internal medicine
650 _aMedicine
856 _uhttps://doaj.org/toc/6ef433bb4f4a47a88882c34ef0b13fe2
942 _2ddc
942 _cDOAJEJ
999 _c74858
_d74858
945 _a1
_bMadushi Gamage
_c1
_dMadushi Gamage